000 01769nam0a2200397 4500
001 RU\NLR\bibl\1842197
005 20260405181341.0
010 _a978-5-9998-0026-8
_93000
021 _aRU
_b2011-89317
_96385
035 _a(LIBNET)LIBNET\0000154877
035 _a(nilc)RSL-KNO-005079237
035 _a(NLR Aleph) 001832651
090 _a2160707
_c2160707
100 _a20110810d2012 |||y0rusy50 ca
101 1 _arus
_ceng
102 _aRU
_aDE
105 _ay |||||||||
200 1 _aУвлеченный агент
_eруководство для агентов по страхованию жизни
_fДжеймс М. Хейдема
_gпер. с англ. [А. В. Лисовского]
205 _a2-е изд., перераб.
210 _aМосква
_aБерлин
_cИнфотропик Медиа
_d2012
215 _a263 с.
_d22
225 1 _aСерия "Бизнес с увлечением"
_vкн. 3
300 _aЗагл. и авт. ориг.: The passionate agent / James Heidema
454 0 _12001#$aThe passionate agent$fJames Heidema
_1700#1$3RU\NLR\auth\77114830$7ba$aHeidema$bD. М.$gJames М.$4070
_tThe passionate agent
_aHeidema, James М.
606 1 _aСтраховые агенты
_jПрактические пособия
_xОрганизация работы
_92298500
_3RU\NLR\auth\661376221
686 _aУ826.27-212,0
_2rubbk
686 _aУ26(0)31-642я7
700 1 _4070
_8rus
_7ca
_aХейдема
_bД. М.
_gДжеймс М.
_3RU\NLR\auth\7778223
_961151
801 0 _aRU
_bАгентство CIP РГБ
_c20110810
_grcr
801 1 _aRU
_bАгентство CIP РГБ
_c20110810
801 1 _aRU
_bРГБ
_c20110810
801 2 _aRU
_bNLR
_c20111201
_grcr
942 _cBOOK
980 _aNB
980 _aNBR